| 000 | 00452 a2200169 4500 | ||
|---|---|---|---|
| 020 | _a0805317554 | ||
| 020 | _a0201542633 | ||
| 040 |
_aDLC _bDLC |
||
| 100 | 1 | _aElmasri, Ramez. | |
| 245 | 1 | 0 |
_aFundamentals of database systems _cRamez Elmasri, Shamkant B. Navathe. |
| 250 | _a3rd ed. | ||
| 260 |
_aDelhi : _bPearson, _cc2000. |
||
| 300 |
_a955 p. : _bill. |
||
| 650 | 0 | _aDatabase management. | |
| 700 | 1 | _aNavathe, Sham. | |
| 942 |
_cBK _k005.74 ELM _2ddc |
||
| 999 |
_c6585 _d6585 |
||